ARRUPE JESUIT UNIVERSITY

CORONAVIRUS -STOP THE SPREAD - CLEAN,DISINFECT,COVER

Southern Sotho-English dictionary / (Record no. 124337)

MARC details
000 -LEADER
fixed length control field 00950nam a2200277 a 4500
001 - CONTROL NUMBER
control field 2833998
003 - CONTROL NUMBER IDENTIFIER
control field ARRUPE
005 - DATE AND TIME OF LATEST TRANSACTION
control field 20160308115051.0
008 - FIXED-LENGTH DATA ELEMENTS--GENERAL INFORMATION
fixed length control field 830912s1950 lo d 000 0 eng
010 ## - LIBRARY OF CONGRESS CONTROL NUMBER
LC control number 83199037
040 ## - CATALOGING SOURCE
Original cataloging agency DLC
Transcribing agency DLC
Modifying agency DLC
041 0# - LANGUAGE CODE
Language code of text/sound track or separate title engsso
050 00 - LIBRARY OF CONGRESS CALL NUMBER
Classification number REF PL8689.4
Item number .M33 1950
300 ## - PHYSICAL DESCRIPTION
Dimensions 23 cm.
100 1# - MAIN ENTRY--PERSONAL NAME
Personal name Mabille, A.
Fuller form of name (Adolphe),
Dates associated with a name 1836-1894.
9 (RLIN) 22820
245 10 - TITLE STATEMENT
Title Southern Sotho-English dictionary /
Statement of responsibility, etc by A. Mabille and H. Dieterlen.
250 ## - EDITION STATEMENT
Edition statement Reclassified, rev. and enl. /
Remainder of edition statement by R.A. Paroz.
260 ## - PUBLICATION, DISTRIBUTION, ETC. (IMPRINT)
Place of publication, distribution, etc Morija, Lesotho :
Name of publisher, distributor, etc Morija Sesuto Book Depot,
Date of publication, distribution, etc 1950
300 ## - PHYSICAL DESCRIPTION
Extent xvi, 445 p. ;
500 ## - GENERAL NOTE
General note "Seventh edition"--P. v.
500 ## - GENERAL NOTE
General note Rev. ed. of: Sesuto-English dictionary. 6th ed. 1937.
650 #0 - SUBJECT ADDED ENTRY--TOPICAL TERM
Topical term or geographic name as entry element Sotho language
General subdivision Dictionaries
-- English.
9 (RLIN) 22258
700 1# - ADDED ENTRY--PERSONAL NAME
Personal name Dieterlen, H.
9 (RLIN) 22821
700 1# - ADDED ENTRY--PERSONAL NAME
Personal name Paroz, R. A.
Relator term ED.
9 (RLIN) 22822
906 ## - LOCAL DATA ELEMENT F, LDF (RLIN)
a 7
b cbc
c orignew
d 2
e ncip
f 19
g y-gencatlg
942 ## - ADDED ENTRY ELEMENTS (KOHA)
Source of classification or shelving scheme Library of Congress Classification
Koha item type Monograph ( Printed materials)
Holdings
Withdrawn status Lost status Source of classification or shelving scheme Damaged status Not for loan Collection code Home library Current library Shelving location Date acquired Total Checkouts Full call number Barcode Date last seen Price effective from Koha item type
    Library of Congress Classification     Main Collection ARRUPE LIBRARY ARRUPE LIBRARY Main Collection 08/03/2016   REF PL8689.4M33 1950 46500006330 08/03/2016 08/03/2016 REFERENCE

 

Arrupe Library. PO Box MP320 Mt Pleasant, Harare, Zimbabwe
263 242 745411|librarian@aju.ac.zw